Stati per produzione di meloni - Statistics

Statistiche generali
  • Questo quiz è stato fatto 9 volte
  • Il punteggio medio è 14 su 15
Statistiche sulle risposte
Continente Produzione (tonnellate) Stato % Corretto
America del Sud 596 430 Brasile
100%
Asia 16 009 584 Cina
100%
Africa 1 060 619 Egitto
100%
America del Nord 623 726 Guatemala
100%
America del Nord 312 837 Honduras
100%
Asia 1 028 650 India
100%
Europa 632 322 Italia
100%
Africa 520 491 Marocco
100%
America del Nord 593 717 Messico
100%
America del Nord 783 950 Stati Uniti
100%
Asia / Europa 1 854 356 Turchia
100%
Asia 1 615 642 Iran
86%
Asia / Europa 898 004 Kazakistan
86%
Europa 661 897 Spagna
86%
Asia 506 266 Afghanistan
29%
Nessun quiz corrispondente trovato
Distribuzione punteggi
Percentuale di utenti per punteggio
Percentile per numero di risposta
I tuoi punteggi nel tempo
Non hai fatto questo quiz